[Event "Pobeskydy op"]
[Site "Frydek Mistek"]
[Date "2008.03.23"]
[Round "8"]
[White "Petras, Marian S"]
[Black "Karhanek, Pavel"]
[Result "0-1"]
[WhiteElo "1693"]
[BlackElo "2213"]
[PlyCount "92"]
[EventDate "2008.03.20"]
[EventType "swiss"]
[EventRounds "9"]
[EventCountry "CZE"]
[SourceTitle "EXT 2010"]
[Source "ChessBase"]
[SourceDate "2010.11.25"]
[SourceVersion "1"]
[SourceVersionDate "2010.11.25"]
[SourceQuality "1"]

1. d4 c5 2. c3 g6 3. e4 Bg7 4. d5 d6 5. c4 e5 6. Nc3 f5 7. Bd3 f4 8. Nf3 Na6 9. a3 Nc7 10. Bd2 a6 11. Na2 b5 12. b4 bxc4 13. Bxc4 Nf6 14. Qe2 cxb4 15. Nxb4 0-0 16. 0-0 Nfe8 17. Nc6 Qf6 18. Ba5 g5 19. Bxc7 Nxc7 20. Rfc1 g4 21. Nd2 Kh8 22. Nb4 f3 23. Qf1 Bh6 24. Rc2 a5 25. Na2 Na6 26. Rb1 Nc5 27. Nc3 Qg6 28. Qe1 fxg2 29. Nb3 Bf4 30. Kxg2 Qh5 31. Qh1 Nd3 32. Kg1 a4 33. Nc1 Nxc1 34. Rbxc1 Bxc1 35. Rxc1 Ba6 36. Bxa6 Rxa6 37. Ne2 Qg5 38. Kg2 Qf6 39. Qe1 Qf3+ 40. Kg1 Qxe4 41. Qd2 Ra7 42. Ng3 Qf4 43. Qb2 Rb7 44. Qc2 Qd4 45. Qc6 Qxf2+ 46. Kh1 Rb2 0-1